000 00336nam a2200133 i 4500
001 bg
100 1 _aSUCHAŃSKI, J.
245 0 _aZbiór zadań testowych z elektrotechniki teoretycznej :
_bCz.6 /
_cJ.Suchański.
260 _aKielce,
_c1983.
040 _cBPK
041 _apol
942 _cKS
008 s pl f |000 0 pol
999 _c971
_d971
856 _uhttp://koha.tu.koszalin.pl/cgi-bin/koha/opac-detail.pl?biblionumber=971
_yKatalog online BPK